00581nam a22001937a 4500003000500000005001700005008004100022010001000063011001000073035001000083040000900093110007300102245004500175260004600220300001500266500007400281650001600355650001600371CHAP20220817042153.0971013s r 00010 d a36625 a37597 a41717 cCHAP aMéxico. Dirección General de Avicultura y Otras Especies Menores aPrograma nacional de paquetes familiares aMéxico, D.F. :bLa Dirección,c(s.a.) av.b: ilus aLa biblioteca tiene: v.1 Curso de apicultura.-v.2 Curos de guajolotes14aApicultura.14aAvicultura.